|
|
|
|
| LEADER |
00000cam a2200000 7i4500 |
| 001 |
0000001064 |
| 002 |
000001177 |
| 005 |
20000330.0 |
| 020 |
|
|
|a 0224026763
|
| 090 |
0 |
0 |
|a J 398.8
|b WIL
|
| 100 |
1 |
|
|a Wilson, Gina
|
| 245 |
1 |
0 |
|a Jim-jam pyjamas
|c Gina Wilson ; illustrated by Sally Anne Lambert
|
| 260 |
|
|
|a London :
|b Jonathan Cape ,
|c 1990
|
| 300 |
|
|
|a 46p. :
|b ill. ;
|c 22cm.
|
| 650 |
0 |
0 |
|a Nursery rhymes
|x Juvenile literature
|
| 700 |
1 |
|
|a Lambert, Sally Anne ,
|e Illustrated by
|
| 999 |
|
|
|a 031341
|b BUKU
|c PINJAMAN
|e PERPUSTAKAAN KOMUNITI PETALING JAYA
|
| 999 |
|
|
|a 031342
|b BUKU
|c PINJAMAN
|e PERPUSTAKAAN KOMUNITI PETALING JAYA
|